header

On toleration (Record no. 124197)

MARC details
000 -LEADER
fixed length control field 01427nam a2200385 a 4500
082 04 - DEWEY DECIMAL CLASSIFICATION NUMBER
Classification number 305.8
100 1# - MAIN ENTRY--AUTHOR NAME
Personal name Walzer, Michael.
245 10 - TITLE STATEMENT
Title On toleration
260 ## - PUBLICATION, DISTRIBUTION, ETC. (IMPRINT)
Place of publication New Haven :
Name of publisher Yale University Press,
Year of publication c1997.
300 ## - PHYSICAL DESCRIPTION
Number of Pages xii, 126 p.
490 1# - SERIES STATEMENT
Series statement Castle lectures in ethics, politics, and economics
650 #0 - SUBJECT ADDED ENTRY--TOPICAL TERM
Topical Term Human rights.
Topical Term Toleration.
Topical Term Cultural pluralism.
Topical Term Multiculturalism.
856 40 - ELECTRONIC LOCATION AND ACCESS
Uniform Resource Identifier http://site.ebrary.com/lib/rucke/Doc?id=10210243

No items available.

© 2026 Rongo University
Contact us: librarian | system librarian | Rongo university